000 00209nam a2200097Ia 4500
008 240331s9999 xx 000 0 und d
082 _bAGA
100 _aAgalangan,
245 0 _aAgalangan Kavithaigal
942 _cL
999 _c3737
_d3737